| 000 -LEADER |
| fixed length control field |
00529nam a22002057a 4500 |
| 003 - CONTROL NUMBER IDENTIFIER |
| control field |
OSt |
| 005 - DATE AND TIME OF LATEST TRANSACTION |
| control field |
20210420061302.0 |
| 008 - FIXED-LENGTH DATA ELEMENTS--GENERAL INFORMATION |
| fixed length control field |
201126s1973 |
| 040 ## - CATALOGING SOURCE |
| Transcribing agency |
DLC |
| 041 ## - LANGUAGE CODE |
| Language code of text/sound track or separate title |
eng |
| 080 ## - UNIVERSAL DECIMAL CLASSIFICATION NUMBER |
| Universal Decimal Classification number |
61 |
| Item number |
W-19 |
| 100 ## - MAIN ENTRY--PERSONAL NAME |
| 9 (RLIN) |
376 |
| Personal name |
Walker,H.Kenneth |
| 245 ## - TITLE STATEMENT |
| Title |
Applying the problem-oriented system |
| Statement of responsibility, etc. |
Wilson,B.Robert |
| 260 ## - PUBLICATION, DISTRIBUTION, ETC. |
| Place of publication, distribution, etc. |
atlanta |
| Name of publisher, distributor, etc. |
medcom press |
| Date of publication, distribution, etc. |
1973 |
| 300 ## - PHYSICAL DESCRIPTION |
| Extent |
472 |
| 650 #0 - SUBJECT ADDED ENTRY--TOPICAL TERM |
| 9 (RLIN) |
377 |
| Topical term or geographic name entry element |
Applying the Problem-oriented system |
| 653 ## - INDEX TERM--UNCONTROLLED |
| Uncontrolled term |
მედიცინა |
| 700 ## - ADDED ENTRY--PERSONAL NAME |
| 9 (RLIN) |
378 |
| Personal name |
Wilson,B.Robert |
| Relator term |
editor |
| 942 ## - ADDED ENTRY ELEMENTS (KOHA) |
| Source of classification or shelving scheme |
|
| Koha item type |
Books |